000 01224nam0a22002651 4500
001 rc\528154
005 20260407140045.0
035 _a(NLR Aleph) 005766450
090 _a4990676
_c4990676
100 _a20030616d1987 |||y0rusy50 ca
101 0 _arus
102 _aRU
105 _aa |||||||||
200 1 _aРУДОКОНТРОЛИРУЮЩИЕ структуры докембрийских метаморфогенных месторождений богатых железных руд и их классификация
_f[Я.Н. Белевцев, Н.П. Гречишников, Б.А. Занкевич и др.
_gОтв. ред. акад. АН УССР Я.Н. Белевцев]
210 _aКиев
_cБ. и.
_d1987
215 _a41 с.
_cил.
_d20
225 1 _aПрепринт
_fАН УССР, Ин-т геохимии и физики минералов
320 _aБиблиогр.: с. 39-41
701 1 _aБелевцев
_bЯ.Н.
_gЯков Николаевич
712 0 2 _aИнститут геохимии и физики минералов
_cКиев
_3RU\NLR\AUTH\8810005371
_9508103
801 0 _aRU
_bNLR
_gpsbo
801 1 _aRU
_bELAR
_2rusmarc
852 _aNLR
_j88-4/14142
942 _cBOOK
980 _aNB